№ 1; Управляющие системы и машины

Dettagli Bibliografici
Parent link:Управляющие системы и машины: научный журнал/ Национальная академия наук Украины (НАНУ), Институт кибернетики им. В. М. Глушкова (ИК). № 1.— , 1972-.— 0130-5395
Lingua:russo
Pubblicazione: 2006
Natura: Libro
KOHA link:https://koha.lib.tpu.ru/cgi-bin/koha/opac-detail.pl?biblionumber=401247

MARC

LEADER 00000nam2a2200000 4500
001 401247
005 20231101065522.0
035 |a (RuTPU)RU\TPU\prd\44456 
090 |a 401247 
100 |a 20060630a19729999k y0rusy50 ca 
101 0 |a rus 
102 |a UA 
200 0 |a № 1 
210 |d 2006 
461 1 |0 (RuTPU)RU\TPU\prd\1743  |x 0130-5395  |t Управляющие системы и машины  |o научный журнал  |f Национальная академия наук Украины (НАНУ), Институт кибернетики им. В. М. Глушкова (ИК)  |v № 1  |d 1972- 
801 0 |a RU  |b 63413507  |c 20010227  |g PSBO 
801 1 |a RU  |b 63413507  |c 20060630  |g PSBO 
801 2 |a RU  |b 63413507  |c 20131204  |g RCR 
942 |c BK 
999 |a НТБ_ТПУ  |b НФ  |e -1/20060110  |p П-6692  |s 11/20051014  |u 0,00  |v 1